00269nam a2200109Ia 4500100002100000654001300021245006400034260002200098082001800120300000900138546001200147 aMoseley/ Boodey  aComputer aMastering Microsoft office professional for Windows 95 bnoneaDelhic1996 a5.43bMOS/BOO a1083 aENGLISH